Las selecciones con más títulos internacionales - Estadísticas

Estadísticas generales
  • Esta prueba ha sido intentada 41 veces
  • La puntuación promedio es 10 de 11
Estadísticas de respuestas
Mundiales Eurocopa / Copa América Nations League / Copa Confederación Respuesta % Correcto
4 Mundiales 3 Eurocopas 0 Nations League Alemania
100%
3 Mundiales 16 Copas América 0 Copas Federación Argentina
100%
5 Mundiales 9 Copas América 4 Copas federación Brasil
100%
1 Mundial 4 Eurocopas 1 Nations League España
100%
4 Mundiales 2 Eurocopas 0 Nations League Italia
100%
2 Mundiales 2 Eurocopas 1 Nations League Francia
98%
1 Mundial 0 Eurocopas 0 Nations League Inglaterra
98%
2 Mundiales 15 Copas América 2 Copas Federación Uruguay
98%
0 Mundiales 1 Eurocopa 0 Nations League Países Bajos
93%
0 Mundiales 1 Eurocopa 1 Nations League Portugal
93%
0 Mundiales llego a una final 0 Eurocopas 0 Nations League Croacia
70%
No se encontraron pruebas coincidentes
Distribución de puntuación
Porcentaje de gente con cada puntuación
Porcentaje por número respondido
Historial de tus puntuaciones
No has intentado esta prueba.